10 Biggest Cities in the World in 2100 by letter - S - Statistics

General Stats
  • This quiz has been taken 80 times
  • The average score is 6 of 10
Answer Stats
Population City % Correct
20.8 m Shanghai
98%
19.1 m Sao Paulo
81%
27.2 m Sana'a
65%
10.9 m Shenzhen
63%
6.7 m Sydney
60%
6.3 m Santiago, BR
59%
6.2 m Santiago, CL
59%
14.5 m Surat
56%
6.6 m Shenyang
51%
7.1 m Siem Reap
0%
No matching quizzes found
Score Distribution
Percent of People with Each Score
Percentile by Number Answered
Your Score History
You have not taken this quiz